000 01214nam2a2200241 4500
001 rc\3007763
005 20260315064051.0
035 _a(NLR Aleph) 007150479
090 _a13616820
_c13616820
100 _a20110922d1940 u y0rusy50 ca
101 0 _arus
102 _aRU
105 _aac z |||||
200 1 _aЭлектричество. Оптика
_eДля 10 класса
210 _d1940
215 _a312 с., 1 вкл. л. ил.
_cил., портр., черт.
461 0 _1001rc\3007760
_12001#$aКурс физики$eУчебник для сред. школы$eУтв. НКП РСФСР.Ч. 1-3$fпроф. И.И. Соколов$vЧ. 3
_1700#1$aСоколов$bИ. И.$gИван Иванович$f1874-1967$cд-р пед. наук, физика$3RU\NLR\AUTH\770219297
_97146433
_aСоколов, И. И. (д-р пед. наук, физика ; 1874-1967)
_cМосква
_d1940
_e3-е изд.
_fпроф. И.И. Соколов
_nУчпедгиз
_oУчебник для сред. школы : Утв. НКП РСФСР.Ч. 1-3
_p3 т.
_tКурс физики
_vЧ. 3
801 0 _aRU
_bNLR
_gpsbo
801 1 _aRU
_bELAR
_2rusmarc
852 _aNLR
_j40-17/112(1)
942 _cUNSPEC
980 _aNB